ბათუმის შოთა რუსთაველის სახელმწიფო უნივერსიტეტის ბიბლიოთეკა

Избранные труды. Математика. Теоретическая физика (ბიბ.ჩანაწერი № 48187)

000 -LEADER
fixed length control field 00680nam a2200229Ia 4500
001 - CONTROL NUMBER
control field 15069
003 - CONTROL NUMBER IDENTIFIER
control field GE_BSU
008 - FIXED-LENGTH DATA ELEMENTS--GENERAL INFORMATION
fixed length control field 181216s||||||||xx |||||||||||||| ||und||
040 ## - CATALOGING SOURCE
Transcribing agency GE_BSU
080 ## - UNIVERSAL DECIMAL CLASSIFICATION NUMBER
Universal Decimal Classification number 510+530.1
100 ## - MAIN ENTRY--PERSONAL NAME
Personal name Вейль,Герман
245 ## - TITLE STATEMENT
Title Избранные труды. Математика. Теоретическая физика
245 ## - TITLE STATEMENT
Statement of responsibility, etc. Ред.В.П.Орлова. Челышкин,Ю.П.
260 ## - PUBLICATION, DISTRIBUTION, ETC.
Place of publication, distribution, etc. Москва
260 ## - PUBLICATION, DISTRIBUTION, ETC.
Name of publisher, distributor, etc. Наука
260 ## - PUBLICATION, DISTRIBUTION, ETC.
Date of publication, distribution, etc. 1984
300 ## - PHYSICAL DESCRIPTION
Extent 510стр.22см.
653 ## - INDEX TERM--UNCONTROLLED
Uncontrolled term Избранные труды
653 ## - INDEX TERM--UNCONTROLLED
Uncontrolled term Математика.
653 ## - INDEX TERM--UNCONTROLLED
Uncontrolled term Теоретическая физика
942 ## - ADDED ENTRY ELEMENTS (KOHA)
Koha item type წიგნი
ეგზემპლარები
Withdrawn status Lost status Damaged status Not for loan Date acquired Barcode Date last seen Price effective from Koha item type
        2018-12-17 15730 2018-12-17 2018-12-17 წიგნი